QCM sur la rareté des animaux - Statistiques

Statistiques générales
  • Ce quiz a été pris 5 fois
  • Le résultat moyen est 4 sur 15
Statistiques - réponses
Question Réponse % Correct
A quel statut l'oiseau Strigops kakapo (Strigops habroptilus) appartiendrait-il ? CR
50%
A quel niveau de rareté est considéré la Salamandre géante de Chine (Andrias davidianus) CR
50%
Quelle rareté aurait la Huppe fasciée (Upupa epops) d'après l'IUCN LC
50%
A quelle niveau de rareté le Panda géant (Ailuropoda melanoleuca) a-t-il été jugé ? VU
50%
A quelle rareté pourrait être assimilé le poisson Ange de mer commun (Rhinobatos irvinei) ? CR
25%
A quel statut de conservation serait estimée la population de Tigre (Panthera tigris EN
25%
A quelle rareté correspondrait le requin-baleine (Rhincodon typus) ? EN
25%
A quel niveau de rareté serait la grenouille fraise (Oophaga pumilio) ? LC
25%
Quel serait le statut actuel de l'Antilope saïga (Saiga tatarica) ? NT
25%
A quel niveau de rareté l'Ours polaire (Ursus maritimus) serait-il estimé ? VU
25%
A quel point le Vison d'Europe est-il est une espèce en danger ? CR
0%
A quel point le dauphin rose d'Amazonie (Inia geoffrensis) serait-il rare ? EN
0%
Jusqu'à quel point le Varan de Komodo serait-il menacé ? EN
0%
A quel niveau de rareté pourrait-on assimilé le jaguar (Panthera onca) ? NT
0%
A quel point l'écrevisse à pattes rouges (Astacus astacus, l'une des seules espèces d'écrevisses françaises) serait-elle menacée ? VU
0%
Aucun quiz correspondant
Distribution des résultats
% des personnes avec chaque résultat
Percentile par nombre de réponses
Votre historique - résultats
Vous n’avez pas pris ce quiz